000
00488nam a2200169Ia 4500
008
090711s9999 xx 000 0 und d
082
_b
40415
100
_a
राजवाडे राजा
245
_a
स्वप्नगंधा
260
_c
1979
300
_a
172
600
_a
राजवाडे राजा
630
_a
स्वप्नगंधा
700
_a
राजवाडे राजा
730
_a
स्वप्नगंधा
942
_c
BOOK
999
_c
305869
_d
305869